Experimental study of a gasoline engine using bioethanol as an alternative fuel /
Saved in:
| Main Author: | |
|---|---|
| Format: | Thesis Book |
| Language: | English |
| Published: |
2010.
|
| Subjects: | |
| Tags: |
Add Tag
No Tags, Be the first to tag this record!
|
| LEADER | 01164cam a2200277 a 4500 | ||
|---|---|---|---|
| 001 | u796079 | ||
| 003 | SIRSI | ||
| 005 | 201008181304 | ||
| 008 | 100818s2010 my a t 000 0 eng m | ||
| 040 | |a UMM |d UMJ | ||
| 090 | |a TJ7 |b UM 2010 Dag | ||
| 097 | |a TJ7 |b UM 2010 Dag | ||
| 100 | 1 | |a Daggig, Elhadi Elrashid Ahmed Ibrahim. | |
| 245 | 1 | 0 | |a Experimental study of a gasoline engine using bioethanol as an alternative fuel / |c ElHadi ElRashid Ahmed Ibrahim Daggig. |
| 260 | |c 2010. | ||
| 300 | |a xii, 84 leaves : |b ill. ; |c 30 cm. | ||
| 502 | |a Dissertation (M.Eng.) -- Jabatan Kejuruteraan Mekanik, Fakulti Kejuruteraan, Universiti Malaya, 2010. | ||
| 504 | |a Bibliography: leaves 52-54. | ||
| 650 | 0 | |a Spark ignition engines |x Alternative fuels |x Testing. | |
| 650 | 0 | |a Fuel switching |x Technological innovations. | |
| 650 | 0 | |a Biomass energy. | |
| 710 | 2 | |a Universiti Malaya. |b Jabatan Kejuruteraan Mekanik. | |
| 900 | |a ZA | ||
| 596 | |a 1 7 | ||
| 999 | |a TJ7 UM 2010 DAG |w LC |c 1 |i A514404247 |d 12/5/2011 |f 12/5/2011 |g 1 |l STACKS |m P01UTAMA |r Y |s Y |t TESIS |u 10/5/2011 | ||
| 999 | |a TJ7 UM 2010 DAG |w LC |c 1 |i A514404220 |d 10/4/2012 |f 10/4/2012 |g 2 |l STACKS |m P07JURUTER |r N |s Y |t TESIS |u 10/6/2011 | ||
